Diary of a mad old man /

Bibliographic Details
Main Author: Tanizaki, Jun'ichirō, 1886-1965
Format: Book
Language:English
Japanese
Published: London : Vintage, 2000.
Subjects:
Classic Catalogue: View this record in Classic Catalogue
LEADER 01497nam a2200373 i 4500
001 45310
003 BD-DhAAL
005 20260216110526.0
008 260216t20001965nyu 000 1 eng
010 |a  80039940  
020 |a 0399505245 :  |c $5.95 
020 |a 9780399505249 
020 |a 9780099285199 
035 |a 3718180 
040 |a DLC  |c DLC  |d DLC  |d OCoLC  |d DLC  |d BD-DhAAL 
041 1 |a eng  |a jpn 
043 |a a-ja--- 
050 0 0 |a PL839.A7  |b F83 1981 
082 0 0 |a 895.634  |2 19 
100 1 |a Tanizaki, Jun'ichirō,  |d 1886-1965.  |9 60255 
240 1 0 |a Fūten rōjin nikki.  |l English 
245 1 0 |a Diary of a mad old man /  |c Junichiro Tanizaki ; translated from the Japanese by Howard Hibbett. 
260 |a London :  |b Vintage,  |c 2000. 
300 |a 177 pages ;  |c 21 cm 
500 |a Translation of Fūten rōjin nikki. 
500 |a Originally published by Knopf, New York. 
541 |a Donated by Farhana Zahir, Assistant Professor, BRAC Business School, BRAC University  |e 45310 
650 0 |a Older men  |v Fiction. 
650 0 |a Sick  |v Fiction.  |9 60256 
651 0 |a Japan  |v Fiction. 
655 7 |a Fiction.  |2 lcgft 
942 |2 ddc  |c BK 
999 |c 47733  |d 47733 
952 |0 0  |1 0  |2 ddc  |4 0  |6 895_634000000000000_TAN  |7 0  |9 78810  |a BRACUL  |b BRACUL  |c NEW  |d 2026-02-16  |e Donated by Farhana Zahir, Assistant Professor, BRAC Business School, BRAC University  |l 0  |o 895.634 TAN  |p 3010045310  |r 2026-02-16  |t 1  |w 2026-02-16  |y BK  |x Donated by Farhana Zahir, Assistant Professor, BRAC Business School, BRAC University ; £9.99